| 000 | 00372nam a22001217a 4500 | ||
|---|---|---|---|
| 999 |
_c18085 _d18085 |
||
| 008 | 230626b ||||| |||| 00| 0 eng d | ||
| 100 |
_aLeyco, Chino S. _948406 |
||
| 245 |
_aBIR identifies legit cigarette, vape firms / _cChino S. Leyco. |
||
| 260 |
_aPhilippines : _bManila Bulletin, _cMay 22, 2023. |
||
| 300 | _a2 pages. | ||
| 650 |
_aBusiness. _948407 |
||
| 942 |
_2ddc _cPER |
||